AIESA - budovanie spoločnosti založenej na vedomostiach 10. medzinárodná vedecká konferencia

Salvato in:
Dettagli Bibliografici
Enti autori: AIESA - budovanie spoločnosti založenej na vedomostiach. Medzinárodná vedecká konferencia, Slovenská spoločnosť pre hospodársku informatiku
Altri autori: Pardelová, Ružena
Natura: Libro
Lingua:slovacco
ceco
inglese
Pubblicazione: Bratislava Fakulta hospodárskej informatiky EU 2005
Soggetti:
Tags: Aggiungi Tag
Nessun Tag, puoi essere il primo ad aggiungerne!!

MARC

LEADER 00000nlm$a2200000$$$4500
001 0029118
005 20240514130731.0
020 |a 80-225-2010-1 
041 0 |a slo 
041 0 |a cze 
041 0 |a eng 
044 |a SK 
245 1 0 |a AIESA - budovanie spoločnosti založenej na vedomostiach  |b 10. medzinárodná vedecká konferencia  |c zostavenie zborníka: Ružena Pardelová 
264 1 |a Bratislava  |b Fakulta hospodárskej informatiky EU  |c 2005 
300 |a 1 CD-ROM  |e zborník abstraktov v anglickom jazyku 
610 2 0 |a technológie informačné 
610 2 0 |a systémy informačné 
610 2 0 |a informatika ekonomická 
610 2 0 |a spoločnosť informačná 
610 2 0 |a systémy účtovné 
610 2 0 |a Slovensko 
610 2 0 |a Európska únia 
610 2 0 |a štatistika 
610 2 0 |a aktuári 
610 2 0 |a teória štatistiky 
610 2 0 |a ekonometria 
700 1 |a Pardelová, Ružena 
110 2 |a AIESA - budovanie spoločnosti založenej na vedomostiach. Medzinárodná vedecká konferencia 
710 2 |a Slovenská spoločnosť pre hospodársku informatiku